| 000 | 00667nam a2200205 i 4500 | ||
|---|---|---|---|
| 001 | 147101 | ||
| 003 | ES-MaACL | ||
| 005 | 20230906201811.0 | ||
| 007 | t| | ||
| 008 | 070921s1960 sp |||| |dspa d | ||
| 080 | _a343.97(73) | ||
| 100 | 1 |
_aTurkus, Burton B. _9111712 |
|
| 245 | 1 | 0 |
_aCrimen, S. A. _b: la historia de "El Sindicato" / _cpor Burton B. Turkus y Sid Feder ; [versión española de Manuel Bosh Barret]. |
| 260 |
_aBarcelona : _bBruguera, _c[1960] |
||
| 300 |
_a438 p. ; _c24 cm. |
||
| 650 | 4 |
_aCrimen y criminales- _zEstados Unidos. _911418 |
|
| 700 | 1 |
_aFeder, Sid. _949056 |
|
| 700 | 1 |
_aBosch Barrett, Manuel. _930649 |
|
| 852 |
_aES-MaACL _jG-814 |
||
| 999 |
_c147101 _d147101 |
||